| 000 | 01072nam a2200349Ia 4500 | ||
|---|---|---|---|
| 001 | Z_6200 | ||
| 003 | CHAP | ||
| 008 | 220113s1973 xx 000 0 und d | ||
| 010 | _a169443 | ||
| 020 | _a84-205-0430-0 | ||
| 040 | _cCHAP | ||
| 082 | _a591.5 A53 | ||
| 100 |
_aAndrewartha, Herbert George _95692 |
||
| 245 |
_aIntroducción al estudio de poblaciones animales / _cHerbert George Andrewartha; traducción Esteban Salas Ortueta |
||
| 260 |
_aEspaña : _bAlhambra, _c1973 |
||
| 300 | _a322 p. | ||
| 440 |
_aExedra, 84 _939044 |
||
| 500 | _aTítulo original: Indtroduction to the of animals populations \ Traducción de: 2 ed. en Inglés de 1970 | ||
| 503 | _aej.1: ? | ||
| 504 | _aBibliografía: p. 310 - 324, Incluye índice | ||
| 650 |
_aanimal communities _9144113 |
||
| 650 |
_aanimal ecology _9144114 |
||
| 650 |
_acomunidades animales _9144115 |
||
| 650 |
_aecología animal \ _935170 |
||
| 700 |
_aSala Ortueta,Esteban, tr. _9144116 |
||
| 901 | _a591.5 A53 | ||
| 902 | _aA | ||
| 910 | _a1973 | ||
| 942 | _c1 | ||
| 942 | _cc1 | ||
| 999 |
_c169443 _d169443 |
||